1277 1934 1758 1740 1312 1756 1059 1063 1635 1914 1844 1452 1698 1723 1206 1369 1324 1556 1868 1464 1668 1287 1866 1609 1548 1625 1461 1782 1266 1859 1613 1956 1529 1019 1807 1578 1705 1201 1216 1071 1333 1156 1773 1952 1442 1510 1037 1993 1977 1965 1496 1257 1407 1771 1269 1387 1537 1396 1482 1348 1157 1980 1323 1762 1984 1083 1268 1680 1800 1297 1291 1672 1228 1138 1414 1635 1345 1767 1586 1969 1255 1049 1393 1197 1178 1261 1179 1299 2000 1117 1925 1987 1366 1939 1282 1522 1959 1060 1299 BCNSPRNW ULIB Ver.6.0+V

เปลี่ยนเป็นภาษาไทย

Change to English
 แสดงรายละเอียดบรรณานุกรม
  กลับหน้าหลัก

Brief Record : Get Marc (ISO 2709) : E-mail record : QR code < ปิดหน้าต่าง
LEADER : 00000nam 2200000uu 4500
001    13399121579
003     ULIB
008    121123s2550||||th 000 0 tha d
020    ^a9747878172
060 04 ^aWV335^bศ322ย
100 0  ^aศักดิ์ บวร
245 10 ^aเยื่อบุจมูกอักเสบ /^cศักดิ์ บวร, เรียบเรียง
250    ^aพิมพ์ครั้งที่ 4
260    ^aนนทบุรี :^bสมิต,^c2550
300    ^a132 หน้า :^bภาพประกอบ ;^c18 ซม.
440  0 ^aชุดอาหารและสุขภาพ
650  7 ^aเยื่อจมูกอักเสบ
945    ^p85^l0^i14247
945    ^p85^l0^i14248
995    ^aวิภา
999 ^a ใช้งานได้ทุกระบบ
รายการนี้ยังไม่มีแท็ก
คุณยังไม่ได้ล็อกอิน คุณสามารถมีกิจกรรมร่วมกับเว็บไซต์ได้ แต่ต้องล็อกอินก่อน ::
  ล็อกอิน

รายการสื่อสารสนเทศ

ลำดับที่ ประเภท เลขเรียก/บาร์โค้ด สถานที่ สถานะ
1. วิทยาศาสตร์การแพทย์ และสุขภาพ
วิทยาศาสตร์การแพทย์ และสุขภาพ
WV335 ศ322ย  
  Barcode: 14247
ห้องสมุดวิทยาเขตสวรรค์ประชารักษ์
►ส่วนจัดเก็บหนังสือเก่า สปร
บนชั้น
  ขอยืม
2. วิทยาศาสตร์การแพทย์ และสุขภาพ
วิทยาศาสตร์การแพทย์ และสุขภาพ
WV335 ศ322ย ฉ.2 
  Barcode: 14248
ห้องสมุดวิทยาเขตสวรรค์ประชารักษ์
►ส่วนจัดเก็บหนังสือเก่า สปร
บนชั้น
  ขอยืม

รายการใกล้เคียง
    ผู้แต่ง [ศักดิ์ บวร]

BibComment


ยังไม่เคยถูกคอมเมนท์

คอมเมนท์ทรัพยากรรายการนี้
  คอมเมนท์: เยื่อบุจมูกอักเส..


 Copyright 2026. Bcnsprnw @Library